000 01079cam a2200289 a 4500
001 000827
007 ta
008 161205e2014 mx d|||frj||| 001 0 spa||
020 _a9786079377069
040 _aULSAOAX
_cULSAOAX
_dULSAOAX
041 1 _aspa
_heng
050 0 0 _aBF637.S8
_bC6818
100 1 _aCovey, Stephen R.,
_d1932-2012,
_eautor
_95181
245 0 3 _aLos 7 hábitos de la gente altamente efectiva :
_b la revolución ética en la vida cotidiana y en la empresa /
_cStephen R. Covey
250 _aprimera edición
_bsexta edición 2016
260 3 _aMéxico :
_bEdiciones Culturales Paidós,
_c2014.
300 _a425 páginas :
_bilustraciones ;
_c23 cm.
490 _aBiblioteca Covey
500 _aIncluye índice analítico
500 _aTraducción de: The seven habits of highly effective people
504 _aIncluye referencias bibliográficas
526 1 _aLicenciatura en Arquitectura
650 1 0 _aÉxito
_xAspectos psicológicos.
_95182
650 2 0 _aCarácter
_97176
700 1 _aMartín Arribas, Francisco,
_etraductor
_97177
942 _2lcc
_cBK
_i03
999 _c18395
_d18395